<?xml version="1.0" encoding="UTF-8"?>
<record
    xmlns:xsi="http://www.w3.org/2001/XMLSchema-instance"
    xsi:schemaLocation="http://www.loc.gov/MARC21/slim http://www.loc.gov/standards/marcxml/schema/MARC21slim.xsd"
    xmlns="http://www.loc.gov/MARC21/slim">

  <leader>02628nam0a2200397 i 4500</leader>
  <controlfield tag="001">RU\NLR\BIBL_A\010400914</controlfield>
  <controlfield tag="005">20241105184406.0</controlfield>
  <datafield tag="010" ind1=" " ind2=" ">
    <subfield code="a">9785422005369</subfield>
    <subfield code="9">500</subfield>
  </datafield>
  <datafield tag="021" ind1=" " ind2=" ">
    <subfield code="a">RU</subfield>
    <subfield code="b">2014-25779</subfield>
    <subfield code="9">1600</subfield>
  </datafield>
  <datafield tag="035" ind1=" " ind2=" ">
    <subfield code="a">(NILC)RuMoRGB-006774615</subfield>
  </datafield>
  <datafield tag="035" ind1=" " ind2=" ">
    <subfield code="a">(NLR Aleph) 010400914</subfield>
  </datafield>
  <datafield tag="090" ind1=" " ind2=" ">
    <subfield code="a">9706971</subfield>
    <subfield code="c">9706971</subfield>
  </datafield>
  <datafield tag="100" ind1=" " ind2=" ">
    <subfield code="a">20140611d2014    k  y0rusy50      ca</subfield>
  </datafield>
  <datafield tag="101" ind1="0" ind2=" ">
    <subfield code="a">rus</subfield>
  </datafield>
  <datafield tag="102" ind1=" " ind2=" ">
    <subfield code="a">RU</subfield>
  </datafield>
  <datafield tag="105" ind1=" " ind2=" ">
    <subfield code="a">ac||z|||001yc</subfield>
  </datafield>
  <datafield tag="200" ind1="1" ind2=" ">
    <subfield code="a">&#x420;&#x435;&#x430;&#x43B;&#x438;&#x437;&#x430;&#x446;&#x438;&#x44F; &#x43A;&#x43E;&#x43C;&#x43F;&#x435;&#x442;&#x435;&#x43D;&#x442;&#x43D;&#x43E;&#x441;&#x442;&#x43D;&#x43E;&#x433;&#x43E;, &#x43B;&#x438;&#x447;&#x43D;&#x43E;&#x441;&#x442;&#x43D;&#x43E;-&#x43E;&#x440;&#x438;&#x435;&#x43D;&#x442;&#x438;&#x440;&#x43E;&#x432;&#x430;&#x43D;&#x43D;&#x43E;&#x433;&#x43E; &#x43F;&#x43E;&#x434;&#x445;&#x43E;&#x434;&#x430; &#x432; &#x43E;&#x431;&#x443;&#x447;&#x435;&#x43D;&#x438;&#x438; &#x432; &#x431;&#x438;&#x437;&#x43D;&#x435;&#x441;-&#x448;&#x43A;&#x43E;&#x43B;&#x435; &#x41F;&#x44F;&#x442;&#x438;&#x433;&#x43E;&#x440;&#x441;&#x43A;&#x43E;&#x433;&#x43E; &#x433;&#x43E;&#x441;&#x443;&#x434;&#x430;&#x440;&#x441;&#x442;&#x432;&#x435;&#x43D;&#x43D;&#x43E;&#x433;&#x43E; &#x43B;&#x438;&#x43D;&#x433;&#x432;&#x438;&#x441;&#x442;&#x438;&#x447;&#x435;&#x441;&#x43A;&#x43E;&#x433;&#x43E; &#x443;&#x43D;&#x438;&#x432;&#x435;&#x440;&#x441;&#x438;&#x442;&#x435;&#x442;&#x430;</subfield>
    <subfield code="e">&#x43C;&#x43E;&#x43D;&#x43E;&#x433;&#x440;&#x430;&#x444;&#x438;&#x44F;</subfield>
    <subfield code="f">&#x41C;.&#x410;. &#x41A;&#x43E;&#x440;&#x433;&#x43E;&#x432;&#x430;, &#x410;.&#x41C;. &#x421;&#x430;&#x43B;&#x43E;&#x433;&#x443;&#x431;, &#x41B;.&#x420;. &#x41C;&#x445;&#x435;&#x438;&#x434;&#x437;&#x435;, &#x41A;.&#x425;. &#x414;&#x435;&#x43C;&#x438;&#x440;</subfield>
    <subfield code="g">&#x41C;-&#x432;&#x43E; &#x43E;&#x431;&#x440;&#x430;&#x437;&#x43E;&#x432;&#x430;&#x43D;&#x438;&#x44F; &#x438; &#x43D;&#x430;&#x443;&#x43A;&#x438; &#x420;&#x43E;&#x441;. &#x424;&#x435;&#x434;&#x435;&#x440;&#x430;&#x446;&#x438;&#x438;, &#x424;&#x435;&#x434;&#x435;&#x440;. &#x433;&#x43E;&#x441;. &#x431;&#x44E;&#x434;&#x436;&#x435;&#x442;. &#x43E;&#x431;&#x440;&#x430;&#x437;&#x43E;&#x432;&#x430;&#x442;. &#x443;&#x447;&#x440;&#x435;&#x436;&#x434;&#x435;&#x43D;&#x438;&#x435; &#x432;&#x44B;&#x441;&#x448;. &#x43F;&#x440;&#x43E;&#x444;. &#x43E;&#x431;&#x440;&#x430;&#x437;&#x43E;&#x432;&#x430;&#x43D;&#x438;&#x44F; "&#x41F;&#x44F;&#x442;&#x438;&#x433;&#x43E;&#x440;. &#x433;&#x43E;&#x441;. &#x43B;&#x438;&#x43D;&#x433;&#x432;&#x438;&#x441;&#x442;. &#x443;&#x43D;-&#x442;", [&#x411;&#x438;&#x437;&#x43D;&#x435;&#x441;-&#x448;&#x43A;.]</subfield>
  </datafield>
  <datafield tag="210" ind1=" " ind2=" ">
    <subfield code="a">&#x41F;&#x44F;&#x442;&#x438;&#x433;&#x43E;&#x440;&#x441;&#x43A;</subfield>
    <subfield code="c">&#x41F;&#x44F;&#x442;&#x438;&#x433;&#x43E;&#x440;&#x441;&#x43A;&#x438;&#x439; &#x433;&#x43E;&#x441;&#x443;&#x434;&#x430;&#x440;&#x441;&#x442;&#x432;&#x435;&#x43D;&#x43D;&#x44B;&#x439; &#x43B;&#x438;&#x43D;&#x433;&#x432;&#x438;&#x441;&#x442;&#x438;&#x447;&#x435;&#x441;&#x43A;&#x438;&#x439; &#x443;&#x43D;&#x438;&#x432;&#x435;&#x440;&#x441;&#x438;&#x442;&#x435;&#x442;</subfield>
    <subfield code="d">2014</subfield>
  </datafield>
  <datafield tag="215" ind1=" " ind2=" ">
    <subfield code="a">101 &#x441;.</subfield>
    <subfield code="c">&#x446;&#x432;. &#x438;&#x43B;., &#x43F;&#x43E;&#x440;&#x442;&#x440;.</subfield>
    <subfield code="d">20</subfield>
  </datafield>
  <datafield tag="300" ind1=" " ind2=" ">
    <subfield code="a">&#x41D;&#x430; 100-&#x439; &#x441;. &#x430;&#x432;&#x442;.: &#x41A;&#x43E;&#x440;&#x433;&#x43E;&#x432;&#x430; &#x41C;.&#x410;., &#x434;.&#x441;&#x43E;&#x446;&#x438;&#x43E;&#x43B;.&#x43D;., &#x43F;&#x440;&#x43E;&#x444;., &#x421;&#x430;&#x43B;&#x43E;&#x433;&#x443;&#x431; &#x410;.&#x41C;., &#x434;.&#x441;&#x43E;&#x446;&#x438;&#x43E;&#x43B;.&#x43D;., &#x434;&#x43E;&#x446;., &#x41C;&#x445;&#x435;&#x438;&#x434;&#x437;&#x435; &#x41B;.&#x420;., &#x43A;.&#x441;&#x43E;&#x446;&#x438;&#x43E;&#x43B;.&#x43D;., &#x43F;&#x440;&#x435;&#x43F;., &#x414;&#x435;&#x43C;&#x438;&#x440; &#x41A;.&#x425;., &#x43F;&#x440;&#x435;&#x43F;.</subfield>
  </datafield>
  <datafield tag="320" ind1=" " ind2=" ">
    <subfield code="a">&#x411;&#x438;&#x431;&#x43B;&#x438;&#x43E;&#x433;&#x440;.: &#x441;. 97-99 (26 &#x43D;&#x430;&#x437;&#x432;.)</subfield>
  </datafield>
  <datafield tag="601" ind1="0" ind2="2">
    <subfield code="a">&#x41F;&#x44F;&#x442;&#x438;&#x433;&#x43E;&#x440;&#x441;&#x43A;&#x438;&#x439; &#x433;&#x43E;&#x441;&#x443;&#x434;&#x430;&#x440;&#x441;&#x442;&#x432;&#x435;&#x43D;&#x43D;&#x44B;&#x439; &#x43B;&#x438;&#x43D;&#x433;&#x432;&#x438;&#x441;&#x442;&#x438;&#x447;&#x435;&#x441;&#x43A;&#x438;&#x439; &#x443;&#x43D;&#x438;&#x432;&#x435;&#x440;&#x441;&#x438;&#x442;&#x435;&#x442;</subfield>
    <subfield code="b">&#x411;&#x438;&#x437;&#x43D;&#x435;&#x441;-&#x448;&#x43A;&#x43E;&#x43B;&#x430;</subfield>
    <subfield code="9">2250030</subfield>
    <subfield code="3">RU\NLR\AUTH\6601580338</subfield>
  </datafield>
  <datafield tag="610" ind1="0" ind2=" ">
    <subfield code="a">&#x431;&#x438;&#x437;&#x43D;&#x435;&#x441;-&#x43E;&#x431;&#x440;&#x430;&#x437;&#x43E;&#x432;&#x430;&#x43D;&#x438;&#x435;</subfield>
  </datafield>
  <datafield tag="610" ind1="0" ind2=" ">
    <subfield code="a">&#x431;&#x438;&#x437;&#x43D;&#x435;&#x441;-&#x448;&#x43A;&#x43E;&#x43B;&#x44B;</subfield>
  </datafield>
  <datafield tag="675" ind1=" " ind2=" ">
    <subfield code="a">334.012:378</subfield>
  </datafield>
  <datafield tag="686" ind1="1" ind2=" ">
    <subfield code="a">&#x427;489.34(2&#x420;)7</subfield>
  </datafield>
  <datafield tag="701" ind1=" " ind2="1">
    <subfield code="a">&#x41A;&#x43E;&#x440;&#x433;&#x43E;&#x432;&#x430;</subfield>
    <subfield code="b">&#x41C;. &#x410;.</subfield>
    <subfield code="g">&#x41C;&#x430;&#x440;&#x438;&#x43D;&#x430; &#x410;&#x43D;&#x430;&#x442;&#x43E;&#x43B;&#x44C;&#x435;&#x432;&#x43D;&#x430;</subfield>
  </datafield>
  <datafield tag="701" ind1=" " ind2="1">
    <subfield code="a">&#x421;&#x430;&#x43B;&#x43E;&#x433;&#x443;&#x431;</subfield>
    <subfield code="b">&#x410;. &#x41C;.</subfield>
    <subfield code="g">&#x410;&#x43D;&#x436;&#x435;&#x43B;&#x430; &#x41C;&#x438;&#x445;&#x430;&#x439;&#x43B;&#x43E;&#x432;&#x43D;&#x430;</subfield>
  </datafield>
  <datafield tag="701" ind1=" " ind2="1">
    <subfield code="a">&#x41C;&#x445;&#x435;&#x438;&#x434;&#x437;&#x435;</subfield>
    <subfield code="b">&#x41B;. &#x420;.</subfield>
    <subfield code="c">&#x43A;&#x430;&#x43D;&#x434;. &#x441;&#x43E;&#x446;&#x438;&#x43E;&#x43B;. &#x43D;&#x430;&#x443;&#x43A;</subfield>
    <subfield code="g">&#x41B;&#x438;&#x44F; &#x420;&#x435;&#x432;&#x430;&#x437;&#x43E;&#x432;&#x43D;&#x430;</subfield>
    <subfield code="9">190464</subfield>
    <subfield code="3">RU\NLR\AUTH\770190515</subfield>
  </datafield>
  <datafield tag="701" ind1=" " ind2="1">
    <subfield code="a">&#x414;&#x435;&#x43C;&#x438;&#x440;</subfield>
    <subfield code="b">&#x41A;. &#x425;.</subfield>
    <subfield code="g">&#x41A;&#x430;&#x440;&#x438;&#x43D;&#x430; &#x425;&#x443;&#x441;&#x435;&#x439;&#x43D;&#x43E;&#x432;&#x43D;&#x430;</subfield>
  </datafield>
  <datafield tag="801" ind1=" " ind2="0">
    <subfield code="a">RU</subfield>
    <subfield code="b">RuMoRKP</subfield>
    <subfield code="c">20140407</subfield>
    <subfield code="g">RCR</subfield>
  </datafield>
  <datafield tag="801" ind1=" " ind2="2">
    <subfield code="a">RU</subfield>
    <subfield code="b">&#x420;&#x413;&#x411;</subfield>
    <subfield code="c">20140422</subfield>
    <subfield code="g">rcr</subfield>
  </datafield>
  <datafield tag="942" ind1=" " ind2=" ">
    <subfield code="c">BOOK</subfield>
  </datafield>
  <datafield tag="980" ind1=" " ind2=" ">
    <subfield code="a">NBR</subfield>
  </datafield>
</record>
